Foreign trade of El Salvador, 1945-1956. (Record no. 51375)

MARC details
000 -LEADER
fixed length control field 00914cam a22002411 4500
001 - CONTROL NUMBER
control field pa 58000060
003 - CONTROL NUMBER IDENTIFIER
control field DLC
005 - DATE AND TIME OF LATEST TRANSACTION
control field 20260227111854.0
008 - FIXED-LENGTH DATA ELEMENTS--GENERAL INFORMATION
fixed length control field 870812s1958 dcua 000 0 eng c
010 ## - LIBRARY OF CONGRESS CONTROL NUMBER
LC control number pa 58000060
035 ## - SYSTEM CONTROL NUMBER
System control number (OCoLC)16438907
040 ## - CATALOGING SOURCE
Original cataloging agency Pan American Union. Library
Transcribing agency OCoLC
Modifying agency OCoLC
-- DLC
042 ## - AUTHENTICATION CODE
Authentication code premarc
050 00 - LIBRARY OF CONGRESS CALL NUMBER
Classification number HF144
Item number .P3
110 2# - MAIN ENTRY--CORPORATE NAME
Corporate name or jurisdiction name as entry element Pan American Union.
Subordinate unit Office of Statistics.
245 10 - TITLE STATEMENT
Title Foreign trade of El Salvador, 1945-1956.
260 ## - PUBLICATION, DISTRIBUTION, ETC.
Place of publication, distribution, etc. Washington,
Date of publication, distribution, etc. 1958.
300 ## - PHYSICAL DESCRIPTION
Extent v, 54 p.
Other physical details tables.
Dimensions 27 cm.
490 1# - SERIES STATEMENT
Series statement Pan American Union. International trade of the American States. Bulletin
Volume/sequential designation no. 6
500 ## - GENERAL NOTE
General note At head of title: Organization of American States. Inter-American Economic and Social Council.
651 #0 - SUBJECT ADDED ENTRY--GEOGRAPHIC NAME
Geographic name El Salvador
General subdivision Commerce.
810 2# - SERIES ADDED ENTRY--CORPORATE NAME
Corporate name or jurisdiction name as entry element Pan American Union.
Subordinate unit Office of Statistics.
Title of a work International trade of the American States.
Name of part/section of a work Bulletin
Volume/sequential designation no. 6.

No items available.

Powered by Koha